IV République - Statistiques

Statistiques générales
  • Ce quiz a été pris 2 fois
  • Le résultat moyen est 3 sur 12
Statistiques - réponses
Evénements Dates % Correct
gouvernement Pinay 1952
100%
coup d’Etat à Alger qui provoque l’investiture de De Gaulle au gouvernementle 1er juin. 13 mai 1958
50%
Toussaint rouge en Algérie 1er novembre 1954
50%
la France participe à la création de l’Alliance atlantique(mois) avril 1949
50%
élection de l’Assemblée constituante dominée par PCF, SFIO et MRP 21 octobre 1945
0%
création de la CECA (mois) avril 1951
0%
victoire du Front républicain; ministère G. Mollet janvier 1956
0%
investiture du gouvernement Mendès France après la défaite de Dien Bien Phu juin 1954
0%
le PCF est chassé du gouvernement Ramadier; fin du Tripartisme et début de la3ème force (partis soutenant le régime donc tous sauf le PCF et le RPF créé par de Gaulle en mars 1947 (mois) mai 1947
0%
vote des “pouvoirs spéciaux” pour l’Algérie; indépendances de la Tunisie et duMaroc mars 1956
0%
ratification du second projet de constitution par référendum (mois) octobre 1946
0%
opération de Suez octobre-novembre 1956
0%
Aucun quiz correspondant
Distribution des résultats
% des personnes avec chaque résultat
Percentile par nombre de réponses
Votre historique - résultats
Vous n’avez pas pris ce quiz